Lanýže /

Hlavní autor: Horňáková-Civade, Lenka, 1971-
Jazyk: Čeština
Vydáno: Praha : Argo, 2018
Vydání: Druhé, upravené vydání
Témata:
Fyzický popis: 165 stran ; 21 cm
Knihy
Uloženo v:
LEADER 01317cam a2200409 i 4500
001 nkc20183049041
003 CZ PrNK
005 20181218153344.0
007 ta
008 180925s2018 xr g 000 j cze d
015 |a cnb003049041 
020 |a 978-80-257-2577-1  |q (vázáno) :  |c Kč 218,00 
035 |a (OCoLC)1081398310 
040 |a ABG001  |b cze  |d OSA001  |d BOA001  |d OLA001  |e rda 
043 |a e-fr--- 
072 7 |a 821.162.3-3  |x Česká próza  |2 Konspekt  |9 25 
080 |a 821.162.3-32  |2 MRF 
080 |a 908(44)  |2 MRF 
080 |a (0:82-32)  |2 MRF 
100 1 |a Horňáková-Civade, Lenka,  |d 1971-  |7 ola2010579990  |4 aut 
245 1 0 |a Lanýže /  |c Lenka Horňáková-Civade 
250 |a Druhé, upravené vydání 
264 1 |a Praha :  |b Argo,  |c 2018 
300 |a 165 stran ;  |c 21 cm 
336 |a text  |b txt  |2 rdacontent 
337 |a bez média  |b n  |2 rdamedia 
338 |a svazek  |b nc  |2 rdacarrier 
651 7 |a Provence (Francie)  |7 ge130535  |2 czenas 
651 9 |a Provence (France)  |2 eczenas 
655 7 |a české novely  |7 fd133969  |2 czenas 
655 9 |a Czech novellas  |2 eczenas 
910 2 |a BOA001  |b 2-1415.972 
920 |a 000747716  |z OSA001 
990 |a BK 
995 |a 01 
991 |b 201812  |c NOV 
996 6 |b 2610761619  |c 2-1415.972  |l MZK  |r Sklad / do 1 hodiny  |n 1  |p p.v.  |w 001695801  |u 000010  |a 1  |e BOA001  |j MZK50  |s P